Statistics for E ile Başlayan Ülkeler

Click here to take the quiz!

General Stats

  • This quiz has been taken 1 534 times
  • The average score is 5 of 9

Answer Stats

Ülke% Correct
Ermenistan
81%
Estonya
76%
Endonezya
68%
Etiyopya
60%
Ekvador
58%
Eritre
51%
El Salvador
39%
Ekvator Ginesi
35%
Esvatini
31%

Score Distribution

Percentile by Number Answered

Percent of People with Each Score

Your Score History

You have not taken this quiz